00000000nam 2200000za 4500
0019.536366
003CaOODSP
00520210615084325
007ta
008150406s2002||||xxc|||||     f|0| 0 eng d
020 |a0-662-66306-3
040 |aCaOODSP|beng
041 |aeng
041 |afre
043 |an-cn---
0861 |aH13-6/2002-3
1101 |aCanada.|bHealth Canada. |bHealth Policy and Communications Branch.
24510|aPrimary health care / |cby Ann L. Mable and John Marriott.
260 |aOttawa - Ontario : |bHealth Canada. |c2002.
300 |aEnglish text, 48p. ; |c28 cm.
4901 |aSynthesis series
563 |aSoftcover
590 |a02-38|b2002-09-20
69007|aHealth care|2gcpds
69007|aHealth care system|2gcpds
7201 |aMable, Ann L.
7201 |aMarriot, John
7760#|tPrimary health care / |w(CaOODSP)9.572931
7760#|tLes soins primaires / |w(CaOODSP)9.603177
792 |tLes soins primaires / |efre|w(CaOODSP)9.536367
830#0|aSynthesis series.|w(CaOODSP)9.509388